Introduction to Radar systems, 2/e (Record no. 293568)

000 -LEADER
fixed length control field 00312 a2200133 4500
001 - CONTROL NUMBER
control field 58495
082 ## - DEWEY DECIMAL CLASSIFICATION NUMBER
Classification number 621.3848 SKO
090 ## - LOCALLY ASSIGNED LC-TYPE CALL NUMBER (OCLC); LOCAL CALL NUMBER (RLIN)
-- 35875
-- 35875
100 ## - MAIN ENTRY--PERSONAL NAME
Personal name Merrill I Skolnik
245 ## - TITLE STATEMENT
Title Introduction to Radar systems, 2/e
250 ## - EDITION STATEMENT
Edition statement 2
260 ## - PUBLICATION, DISTRIBUTION, ETC.
Place of publication, distribution, etc. London
Name of publisher, distributor, etc. Mc Graw Hill
Date of publication, distribution, etc. 1980
300 ## - PHYSICAL DESCRIPTION
Extent x, 581p.
942 ## - ADDED ENTRY ELEMENTS (KOHA)
Institution code [OBSOLETE] NUST-CAE
Call number prefix 621.3848 SKO
Holdings
Withdrawn status Lost status Damaged status Not for loan Collection code Permanent Location Current Location Date acquired Total Checkouts Full call number Barcode Date last seen Price effective from Koha item type
          College of Aeronautical Engineering (CAE) College of Aeronautical Engineering (CAE) 04/03/2017   621.3848 SKO CAE58315 04/05/2017 04/05/2017 Book
© 2023 Central Library, National University of Sciences and Technology. All Rights Reserved.